| Tag |
First Indicator |
Second Indicator |
Subfields |
| LEADER |
00000cas a2200000 a 4500 |
| 001 |
in00002785638 |
| 005 |
20151202172128.0 |
| 006 |
m o d |
| 007 |
cr ||||||||||| |
| 008 |
091120d19471953fr || poo 0 0fre c |
| 010 |
|
|
|a 2009235774
|
| 016 |
7 |
|
|a 998615706
|2 DE-101
|
| 016 |
7 |
|
|a 2527095-3
|2 DE-600
|
| 019 |
|
|
|a 297448946
|
| 022 |
|
|
|y 0996-2735
|
| 029 |
1 |
|
|a NZ1
|b 13239721
|
| 029 |
1 |
|
|a GEBAY
|b 11593908
|
| 029 |
1 |
|
|a GWDNB
|b 998615706
|
| 029 |
1 |
|
|a AU@
|b 000044979865
|
| 035 |
|
|
|a (OCoLC)ocn468034210
|
| 035 |
|
|
|a (OCoLC)468034210
|z (OCoLC)297448946
|
| 040 |
|
|
|a EYM
|c EYM
|d HUL
|d OCLCE
|d GWDNB
|d OCLCQ
|d TXA
|d UtOrBLW
|
| 042 |
|
|
|a pcc
|
| 049 |
|
|
|a TXAM
|
| 050 |
1 |
4 |
|a D1
|b .D32 Electronic
|
| 245 |
0 |
0 |
|a Études d'histoire moderne et contemporaine.
|
| 264 |
|
1 |
|a Paris :
|b Société d'histoire moderne,
|c 1947-1953.
|
| 310 |
|
|
|a Irregular
|
| 336 |
|
|
|a text
|b txt
|2 rdacontent
|
| 337 |
|
|
|a computer
|b c
|2 rdamedia
|
| 338 |
|
|
|a online resource
|b cr
|2 rdacarrier
|
| 362 |
1 |
|
|a Began with: T. 1 (1947); ceased with: T. 5 (1953).
|
| 500 |
|
|
|a Editors: 1947-19, C. Bloch, L. Chevalier, J.-B. Duroselle, J. Meuvret, R. Mousnier, R. Portal and G. Zeller.
|
| 500 |
|
|
|a Description based on: T. 1 (1947); title from cover (JSTOR, viewed Nov. 20, 2009).
|
| 500 |
|
|
|a Final issue consulted: T. 5 (1953) (JSTOR, viewed Nov. 20, 2009).
|
| 550 |
|
|
|a Issued by the Société d'histoire moderne.
|
| 500 |
|
|
|a Electronic resource.
|
| 650 |
|
0 |
|a History, Modern
|v Periodicals.
|
| 710 |
2 |
|
|a Société d'histoire moderne (Paris, France)
|
| 776 |
0 |
8 |
|i Also issued in print:
|t Études d'histoire moderne et contemporaine
|x 0996-2735
|w (DLC) 49025492
|w (OCoLC)1568347
|
| 780 |
0 |
0 |
|t Revue d'histoire moderne
|w (OCoLC)468027839
|w (DLC) 2009235775
|
| 785 |
0 |
0 |
|t Revue d'histoire moderne et contemporaine (Online)
|w (OCoLC)60617917
|w (DLC) 2009235773
|
| 948 |
|
|
|a cataloged
|b h
|c 2012/12/18
|d c
|e spoltoratski
|f 11:18:00 am
|g sc
|
| 994 |
|
|
|a C0
|b TXA
|
| 999 |
|
|
|a MARS
|
| 999 |
f |
f |
|s 4bf351b4-b855-3657-a43c-1e4852385305
|i 5a746d6c-d691-3f9b-8313-293a29d5bb70
|t 0
|
| 952 |
f |
f |
|a Texas A&M University
|b College Station
|c Electronic Resources
|d Available Online
|t 0
|e D1 .D32
|g Electronic
|h Library of Congress classification
|
| 998 |
f |
f |
|a D1 .D32
|t 0
|l Available Online
|